|
|
|
|
| LEADER |
01668nam a2200313 a 4500 |
| 001 |
18168 |
| 003 |
BD-DhAAL |
| 008 |
080925r19801968nyua b 001 0 eng d |
| 010 |
|
|
|a \\\80066959
|
| 020 |
|
|
|a 0486640396 (pbk.) :
|c $5.50
|
| 020 |
|
|
|a 9780486640396
|
| 040 |
|
|
|a DLC
|c DLC
|d DLC
|d BD-DhAAL
|
| 082 |
0 |
0 |
|a 515.63
|2 19
|
| 100 |
1 |
|
|a Bishop, Richard L.
|9 57611
|
| 245 |
1 |
0 |
|a Tensor analysis on manifolds /
|c Richard L. Bishop, Samuel I. Goldberg.
|
| 260 |
|
|
|a New York :
|b Dover Publications,
|c 1980.
|
| 300 |
|
|
|a viii, 280 p. :
|b ill. ;
|c 21 cm
|
| 500 |
|
|
|a Originally published: New York : Macmillan, c1968.
|
| 504 |
|
|
|a Includes bibliographical references (pages 273-274) and index.
|
| 526 |
|
|
|a MNS
|x Fardousi Ara Begum
Faculty Member of BRAC University
Course Name : Tensor Calculus (MAT 416)
|
| 541 |
1 |
|
|e 18168, 18169
|a D. S. Books International
|
| 650 |
|
0 |
|a Calculus of tensors.
|
| 650 |
|
0 |
|a Manifolds (Mathematics)
|
| 700 |
1 |
|
|a Goldberg, Samuel I.
|9 57612
|
| 852 |
4 |
|
|a Ayesha Abed Library
|c General Stacks
|
| 942 |
|
|
|2 ddc
|c BK
|
| 999 |
|
|
|c 3577
|d 3577
|
| 952 |
|
|
|0 0
|1 0
|2 ddc
|4 0
|6 515_630000000000000_BIS_1980
|7 0
|9 3248
|a BRACUL
|b BRACUL
|c GEN
|d 2009-09-02
|e D. S. Books International
|g 1425.00
|l 3
|m 28
|o 515.63 BIS
|p 3010018169
|r 2025-06-30
|s 2025-06-18
|t 2
|w 2009-09-02
|y BK
|x Requisitioned by Fardousi Ara Begum for the course named- "Tensor Calculus (MAT 416)" ; USD 12.95
|
| 952 |
|
|
|0 0
|1 0
|2 ddc
|4 0
|6 515_630000000000000_BIS_1980
|7 0
|9 8649
|a BRACUL
|b BRACUL
|c GEN
|d 2010-03-18
|e D. S. Books International
|l 2
|m 17
|o 515.63 BIS
|p 3010018168
|r 2018-11-26
|s 2018-07-19
|t 1
|w 2010-03-18
|y BK
|x Requisitioned by Fardousi Ara Begum for the course named- "Tensor Calculus (MAT 416)" ; USD 12.95
|